Analýza obchodného využitia internetu v konkrétnej firme bakalárska práca

Gespeichert in:
Bibliographische Detailangaben
1. Verfasser: Babincová, Beáta
Körperschaft: Obchodná fakulta EU. Katedra informatiky obchodných firiem
Weitere Verfasser: Hlavatý, Ivan, 1978-
Format: Buch
Sprache:Slowakisch
Veröffentlicht: Bratislava 2011
Tags: Tag hinzufügen
Keine Tags, Fügen Sie das erste Tag hinzu!

MARC

LEADER 00000nbm a2200000 4500
001 0140451
005 20161109111717.3
041 0 |a slo 
044 |a SK 
245 1 0 |a Analýza obchodného využitia internetu v konkrétnej firme  |b bakalárska práca  |c Beáta Babincová ; školiteľ: Ivan Hlavatý 
264 1 |a Bratislava  |c 2011 
300 |a 51 s. 
100 1 |a Babincová, Beáta 
700 1 |a Hlavatý, Ivan, 1978- 
710 2 |a Obchodná fakulta EU. Katedra informatiky obchodných firiem